[Event "Kesarovski Georgiev Memorial 13th"]
[Site "Sunny Beach"]
[Date "2014.09.10"]
[Round "5"]
[White "Solovjov, Sergey"]
[Black "Stets, Dmitry"]
[Result "1/2-1/2"]
[WhiteElo "2352"]
[BlackElo "2414"]
[PlyCount "80"]
[EventDate "2014.09.06"]
[EventType "swiss"]
[EventRounds "9"]
[EventCountry "BUL"]
[SourceTitle "CBM 162 Extra"]
[Source "ChessBase"]
[SourceDate "2014.10.17"]
[SourceVersion "1"]
[SourceVersionDate "2014.10.17"]
[SourceQuality "1"]

1. e4 c5 2. Nf3 d6 3. d4 cxd4 4. Nxd4 Nf6 5. Nc3 g6 6. Be3 Bg7 7. f3 Nc6 8. Qd2 0-0 9. Bc4 Bd7 10. 0-0-0 Qa5 11. g4 Rfc8 12. Bb3 Ne5 13. h4 b5 14. h5 b4 15. Nd5 Nxd5 16. exd5 Nc4 17. Bxc4 Rxc4 18. Kb1 Qxd5 19. hxg6 fxg6 20. Qh2 Qe5 21. Bf4 Qf6 22. g5 Qf7 23. Qxh7+ Kf8 24. Be3 Rac8 25. Rd2 e5 26. Nb3 d5 27. f4 d4 28. fxe5 Rxc2 29. Nxd4 Rxd2 30. Bxd2 Bf5+ 31. Ka1 a5 32. e6 Qc7 33. Nxf5 Bxb2+ 34. Kxb2 Qe5+ 35. Kb1 Qxf5+ 36. Ka1 Qe5+ 37. Kb1 Qe4+ 38. Ka1 Qd4+ 39. Kb1 Qd3+ 40. Ka1 Qd4+ 1/2-1/2

[Event "Kesarovski Georgiev Memorial 13th"]
[Site "Sunny Beach"]
[Date "2014.09.08"]
[Round "3"]
[White "Swayams, Mishra"]
[Black "Solovjov, Sergey"]
[Result "1-0"]
[WhiteElo "2484"]
[BlackElo "2352"]
[PlyCount "61"]
[EventDate "2014.09.06"]
[EventType "swiss"]
[EventRounds "9"]
[EventCountry "BUL"]
[SourceTitle "CBM 162 Extra"]
[Source "ChessBase"]
[SourceDate "2014.10.17"]
[SourceVersion "1"]
[SourceVersionDate "2014.10.17"]
[SourceQuality "1"]

1. d4 Nf6 2. c4 g6 3. Nc3 Bg7 4. e4 d6 5. Nf3 0-0 6. Be2 e5 7. 0-0 Nc6 8. d5 Ne7 9. Ne1 Nd7 10. Be3 f5 11. f3 f4 12. Bf2 g5 13. a4 a5 14. Nd3 b6 15. b4 axb4 16. Nxb4 Nf6 17. Nc6 Nxc6 18. dxc6 Qe8 19. Nd5 Rf7 20. a5 bxa5 21. Qa4 Nxd5 22. cxd5 g4 23. fxg4 Bf6 24. Qb5 Rg7 25. Rxa5 Bxg4 26. Rxa8 Qxa8 27. Qb7 Qc8 28. Ra1 Kf7 29. Ra8 Qxa8 30. Qxa8 Bxe2 31. Qc8 1-0

[Event "St Petersburg Summer rapid"]
[Site "St Petersburg"]
[Date "2014.08.30"]
[Round "3"]
[White "Solovjov, Sergey"]
[Black "Khismatullin, Denis Rimovich"]
[Result "0-1"]
[WhiteElo "2367"]
[BlackElo "2681"]
[PlyCount "74"]
[EventDate "2014.08.30"]
[EventType "swiss (rapid)"]
[EventRounds "11"]
[EventCountry "RUS"]
[SourceTitle "CBM 162 Extra"]
[Source "ChessBase"]
[SourceDate "2014.10.17"]
[SourceVersion "1"]
[SourceVersionDate "2014.10.17"]
[SourceQuality "1"]

1. e4 c5 2. Nf3 d6 3. d4 cxd4 4. Nxd4 Nf6 5. Nc3 a6 6. Bg5 Nbd7 7. Qd2 e6 8. 0-0-0 Qc7 9. f4 Be7 10. g4 h6 11. Bxf6 Nxf6 12. Rg1 b5 13. a3 Bb7 14. Bg2 Nd7 15. Ndxb5 axb5 16. Nxb5 Qb6 17. Nxd6+ Bxd6 18. Qxd6 Qxd6 19. Rxd6 Ke7 20. e5 Bxg2 21. Rxg2 g5 22. Rgd2 Ra7 23. f5 Nxe5 24. fxe6 fxe6 25. R2d4 Nxg4 26. Rb6 h5 27. Re4 Rh6 28. Re2 Rf6 29. Rb5 Rf1+ 30. Kd2 Kf6 31. Rb6 Ne5 32. Kc3 h4 33. Kb4 g4 34. c4 g3 35. hxg3 hxg3 36. Rg2 Nd3+ 37. Kc3 Nf4 0-1

[Event "Chigorin Memorial 21st"]
[Site "St Petersburg"]
[Date "2013.10.12"]
[Round "8"]
[White "Severina, Maria"]
[Black "Solovjov, Sergey"]
[Result "0-1"]
[WhiteElo "2227"]
[BlackElo "2381"]
[PlyCount "80"]
[EventDate "2013.10.05"]
[EventType "swiss"]
[EventRounds "9"]
[EventCountry "RUS"]
[SourceTitle "CBM 156 Extra"]
[Source "ChessBase"]
[SourceDate "2013.10.22"]
[SourceVersion "1"]
[SourceVersionDate "2013.10.22"]
[SourceQuality "1"]

1. d4 d5 2. c4 e6 3. Nc3 c5 4. cxd5 cxd4 5. Qa4+ Bd7 6. Qxd4 exd5 7. Qxd5 Nc6 8. Nf3 Nf6 9. Qd1 Bc5 10. e3 Qe7 11. Be2 g5 12. a3 g4 13. Nd2 0-0-0 14. b4 Bb6 15. Nc4 Bc7 16. Bb2 Ne5 17. Nxe5 Qxe5 18. Qd4 Bc6 19. Qxe5 Bxe5 20. f3 Rhe8 21. Rc1 Kb8 22. Kf2 gxf3 23. gxf3 a6 24. h3 Rd2 25. Ba1 Bc7 26. Nb1 Rd6 27. Bd4 Nd5 28. Bc4 f5 29. Rhd1 Rg6 30. Rg1 Rh6 31. Rg7 Bd6 32. Bf1 Be7 33. Nc3 Bh4+ 34. Ke2 Nxe3 35. Bxe3 Rhe6 36. Ne4 fxe4 37. f4 Rd8 38. Bc5 e3 39. Bxe3 Rde8 40. Rc3 Bf6 0-1

[Event "Chigorin Memorial 21st"]
[Site "St Petersburg"]
[Date "2013.10.09"]
[Round "5"]
[White "Solovjov, Sergey"]
[Black "Sivuk, Vitaly"]
[Result "1-0"]
[WhiteElo "2381"]
[BlackElo "2517"]
[PlyCount "103"]
[EventDate "2013.10.05"]
[EventType "swiss"]
[EventRounds "9"]
[EventCountry "RUS"]
[SourceTitle "CBM 156 Extra"]
[Source "ChessBase"]
[SourceDate "2013.10.22"]
[SourceVersion "1"]
[SourceVersionDate "2013.10.22"]
[SourceQuality "1"]

1. e4 c5 2. Nf3 e6 3. d4 cxd4 4. Nxd4 a6 5. Nc3 Qc7 6. Be2 Nf6 7. 0-0 Nc6 8. Kh1 Be7 9. f4 d6 10. a4 0-0 11. Be3 Re8 12. Bf3 Na5 13. g4 Bf8 14. g5 Nd7 15. Bg2 b6 16. f5 Ne5 17. Qh5 Nac4 18. Bc1 g6 19. Qh3 Bg7 20. f6 Bf8 21. b3 Na5 22. Bb2 Nec6 23. Nde2 Nb4 24. Qh4 Nac6 25. Rf3 Nxc2 26. Rh3 h6 27. Rc1 N2d4 28. Nxd4 Nxd4 29. Ne2 Qxc1+ 30. Nxc1 e5 31. Rc3 Be6 32. Bh3 b5 33. gxh6 bxa4 34. Rc7 Rac8 35. Rxc8 Rxc8 36. bxa4 Rc2 37. Bxd4 Rxc1+ 38. Kg2 exd4 39. Bxe6 Rc2+ 40. Kf1 fxe6 41. Qg4 Kf7 42. Qh4 Kg8 43. f7+ Kxf7 44. h7 Bg7 45. h8Q Bxh8 46. Qxh8 d3 47. Qd4 d2 48. Ke2 d5 49. exd5 exd5 50. Qxd5+ Kg7 51. Qb7+ Kh6 52. Qxa6 1-0

[Event "Chigorin Memorial 21st"]
[Site "St Petersburg"]
[Date "2013.10.08"]
[Round "4"]
[White "Sukhareva, Evgenia"]
[Black "Solovjov, Sergey"]
[Result "0-1"]
[WhiteElo "2210"]
[BlackElo "2381"]
[PlyCount "136"]
[EventDate "2013.10.05"]
[EventType "swiss"]
[EventRounds "9"]
[EventCountry "RUS"]
[SourceTitle "CBM 156 Extra"]
[Source "ChessBase"]
[SourceDate "2013.10.22"]
[SourceVersion "1"]
[SourceVersionDate "2013.10.22"]
[SourceQuality "1"]

1. d4 g6 2. c4 Bg7 3. Nf3 Nf6 4. g3 0-0 5. Bg2 d6 6. 0-0 Nbd7 7. Nc3 e5 8. e4 a6 9. Re1 exd4 10. Nxd4 Re8 11. h3 Rb8 12. Rb1 Ne5 13. Bf1 c5 14. Nc2 b5 15. cxb5 c4 16. Nb4 axb5 17. a3 Bb7 18. Bg2 Qd7 19. Bg5 h6 20. Be3 Nc6 21. Nxc6 Bxc6 22. Qc2 Qb7 23. Bf4 Rbd8 24. Rbd1 Re6 25. Re2 g5 26. Bc1 Rde8 27. Rde1 Nd7 28. f4 Nc5 29. Bd2 Bxc3 30. Bxc3 Bxe4 31. Bxe4 Rxe4 32. Rxe4 Rxe4 33. Rxe4 Qxe4 34. Qd2 gxf4 35. gxf4 Nd3 36. f5 Kh7 37. Qg2 Qe3+ 38. Kh2 Ne5 39. Qg3 Qe2+ 40. Qg2 Nf3+ 41. Kg3 Qxg2+ 42. Kxg2 Nh4+ 43. Kg3 Nxf5+ 44. Kf4 Kg6 45. Ke4 Ne7 46. Bb4 f5+ 47. Kf3 Nc8 48. Kf4 Kf6 49. Bc3+ Ke6 50. Bg7 d5 51. Ke3 h5 52. Kf4 Nd6 53. Kg5 Nf7+ 54. Kxh5 Ne5 55. Kg5 d4 56. Kf4 Nd3+ 57. Kf3 Ne5+ 58. Kf4 d3 59. Ke3 f4+ 60. Kf2 Kf5 61. Bf8 Ke4 62. Bb4 Ng6 63. Bc3 Nh4 64. Bb4 Nf5 65. Bd2 Ne3 66. Bc1 Nd1+ 67. Ke1 f3 68. Kf1 Nxb2 0-1

[Event "St Petersburg rapid Cup"]
[Site "St Petersburg"]
[Date "2013.09.28"]
[Round "2.5"]
[White "Matlakov, Maxim"]
[Black "Solovjov, Sergey"]
[Result "1-0"]
[WhiteElo "2676"]
[BlackElo "2381"]
[PlyCount "45"]
[EventDate "2013.09.28"]
[EventType "k.o. (rapid)"]
[EventRounds "5"]
[EventCountry "RUS"]
[SourceTitle "CBM 156 Extra"]
[Source "ChessBase"]
[SourceDate "2013.10.22"]
[SourceVersion "1"]
[SourceVersionDate "2013.10.22"]
[SourceQuality "1"]

1. Nf3 g6 2. c4 Bg7 3. d4 d6 4. g3 Nf6 5. Bg2 0-0 6. 0-0 Nbd7 7. Nc3 e5 8. b3 c6 9. e4 exd4 10. Nxd4 Nc5 11. Bb2 Re8 12. Re1 Ne6 13. Nxe6 Bxe6 14. Ne2 d5 15. exd5 cxd5 16. Nf4 dxc4 17. Nxe6 Rxe6 18. Rxe6 fxe6 19. bxc4 Qc7 20. Qb3 Rc8 21. Rc1 b6 22. c5 bxc5 23. Qxe6+ 1-0

[Event "Chigorin Memorial 20th"]
[Site "St Petersburg"]
[Date "2012.11.01"]
[Round "6"]
[White "Al Sayed, Mohammed"]
[Black "Solovjov, Sergey"]
[Result "1/2-1/2"]
[WhiteElo "2511"]
[BlackElo "2371"]
[PlyCount "105"]
[EventDate "2012.10.27"]
[EventType "swiss"]
[EventRounds "9"]
[EventCountry "RUS"]
[SourceTitle "EXT 2013"]
[Source "ChessBase"]
[SourceDate "2012.11.22"]
[SourceVersion "1"]
[SourceVersionDate "2012.11.22"]
[SourceQuality "1"]

1. d4 Nf6 2. c4 g6 3. Nc3 Bg7 4. e4 d6 5. Nf3 0-0 6. Be2 e5 7. 0-0 Nc6 8. d5 Ne7 9. b4 a5 10. Ba3 axb4 11. Bxb4 b6 12. a4 Nd7 13. a5 Nc5 14. Qc2 Na6 15. Ba3 bxa5 16. c5 Nxc5 17. Bxc5 dxc5 18. Rfd1 Bg4 19. Na4 Qd6 20. Nb2 Rfd8 21. Nc4 Qf6 22. Nfxe5 Bxe2 23. Qxe2 a4 24. Qe3 g5 25. Qxc5 Ng6 26. Nc6 Re8 27. e5 Qf5 28. d6 Bxe5 29. N4xe5 cxd6 30. Qxd6 Nxe5 31. Ne7+ Rxe7 32. Qxe7 Nd3 33. Rd2 Kg7 34. Qe3 Nf4 35. Qc3+ f6 36. Qc6 Ra7 37. Rad1 Kh6 38. Rd6 Rf7 39. h4 gxh4 40. Kh2 Ng6 41. Qf3 Qxf3 42. gxf3 Kg5 43. Ra6 Ne5 44. Rxa4 Kf5 45. f4 Ng4+ 46. Kg2 Rb7 47. Ra5+ Kg6 48. Rd8 h5 49. Rg8+ Kh7 50. Re8 Kg6 51. Rg8+ Kh7 52. Re8 Kg6 53. Rg8+ 1/2-1/2

[Event "Chigorin Memorial 20th"]
[Site "St Petersburg"]
[Date "2012.10.28"]
[Round "2"]
[White "Belov, Nikita"]
[Black "Solovjov, Sergey"]
[Result "0-1"]
[WhiteElo "2034"]
[BlackElo "2371"]
[PlyCount "48"]
[EventDate "2012.10.27"]
[EventType "swiss"]
[EventRounds "9"]
[EventCountry "RUS"]
[SourceTitle "EXT 2013"]
[Source "ChessBase"]
[SourceDate "2012.11.22"]
[SourceVersion "1"]
[SourceVersionDate "2012.11.22"]
[SourceQuality "1"]

1. c4 Nf6 2. g3 g6 3. Bg2 Bg7 4. Nc3 0-0 5. d3 d6 6. e4 e5 7. Nge2 Nc6 8. 0-0 Nh5 9. Nd5 f5 10. f4 a5 11. Ne3 Be6 12. Bf3 fxe4 13. Bxh5 exd3 14. Qxd3 gxh5 15. f5 Bd7 16. g4 Nd4 17. Ng3 hxg4 18. Nxg4 Qh4 19. Ne3 e4 20. Qxe4 Qxe4 21. Nxe4 Nxf5 22. Nd5 Rae8 23. Ng5 Bd4+ 24. Kh1 Ng3+ 0-1

[Event "St Petersburg Botvinnik Memorial op"]
[Site "St Petersburg"]
[Date "2012.08.30"]
[Round "6"]
[White "Balaian, Alina"]
[Black "Solovjov, Sergey"]
[Result "0-1"]
[WhiteElo "2179"]
[BlackElo "2365"]
[PlyCount "86"]
[EventDate "2012.08.25"]
[EventType "swiss"]
[EventRounds "9"]
[EventCountry "RUS"]
[SourceTitle "CBM 150 Extra"]
[Source "ChessBase"]
[SourceDate "2012.10.19"]
[SourceVersion "1"]
[SourceVersionDate "2012.10.19"]
[SourceQuality "1"]

1. d4 Nf6 2. Nf3 g6 3. Bg5 Bg7 4. Nbd2 0-0 5. c3 h6 6. Bh4 d6 7. e3 Nc6 8. Be2 e5 9. h3 g5 10. Bg3 Qe7 11. Nh2 Bf5 12. 0-0 Bg6 13. h4 Ne4 14. Nxe4 gxh4 15. Bxh4 Qxh4 16. Ng3 f5 17. Qb3+ Kh8 18. Qxb7 Ne7 19. Qxc7 f4 20. exf4 exf4 21. Nh1 Nf5 22. Rfe1 Rab8 23. b3 Rbc8 24. Qa5 Ng3 25. fxg3 fxg3 26. Nxg3 Qxg3 27. Bf3 Rf5 28. Qxa7 Rxc3 29. Rf1 Rd3 30. Qa6 Bxd4+ 31. Kh1 Be5 32. Qc8+ Kg7 33. Qd7+ Bf7 34. Ng4 Rh5+ 35. Kg1 Bd4+ 36. Rf2 Rxf3 37. Raf1 Rf4 38. Qxd6 Rxg4 39. Qxd4+ Rxd4 40. Rxf7+ Kg6 41. R1f6+ Kg5 42. Rf5+ Kg4 43. Rg7+ Rg5 0-1

[Event "St Petersburg Botvinnik Memorial op"]
[Site "St Petersburg"]
[Date "2012.08.26"]
[Round "2"]
[White "Aleksandrov, Aleksej"]
[Black "Solovjov, Sergey"]
[Result "1-0"]
[WhiteElo "2597"]
[BlackElo "2365"]
[PlyCount "65"]
[EventDate "2012.08.25"]
[EventType "swiss"]
[EventRounds "9"]
[EventCountry "RUS"]
[SourceTitle "CBM 150 Extra"]
[Source "ChessBase"]
[SourceDate "2012.10.19"]
[SourceVersion "1"]
[SourceVersionDate "2012.10.19"]
[SourceQuality "1"]

1. d4 d5 2. c4 e6 3. Nc3 c5 4. cxd5 cxd4 5. Qa4+ Bd7 6. Qxd4 exd5 7. Qxd5 Nc6 8. Nf3 Nf6 9. Qd1 Bb4 10. e3 0-0 11. Be2 Ne4 12. Bd2 Nxd2 13. Nxd2 Ne5 14. Nf3 Qa5 15. 0-0 Rfd8 16. Qb1 Bc6 17. Nd4 Bxc3 18. bxc3 Qxc3 19. Rc1 Qd2 20. Rc2 Qa5 21. Nxc6 bxc6 22. Qe1 Qa3 23. Qc3 Qxc3 24. Rxc3 Rd2 25. Kf1 g5 26. Rc5 f6 27. Rd1 Rad8 28. Rxd2 Rxd2 29. f4 gxf4 30. exf4 Nd3 31. Rc4 c5 32. a3 Kg7 33. g3 1-0

[Event "Pardubice Czech op-B 23rd"]
[Site "Pardubice"]
[Date "2012.07.28"]
[Round "9"]
[White "Solovjov, Sergey"]
[Black "Golcman, Evgeny"]
[Result "1-0"]
[WhiteElo "2365"]
[BlackElo "2315"]
[PlyCount "71"]
[EventDate "2012.07.20"]
[EventType "swiss"]
[EventRounds "9"]
[EventCountry "CZE"]
[SourceTitle "EXT 2013"]
[Source "ChessBase"]
[SourceDate "2012.11.22"]
[SourceVersion "1"]
[SourceVersionDate "2012.11.22"]
[SourceQuality "1"]

1. e4 e5 2. f4 exf4 3. Nf3 h6 4. Bc4 Nf6 5. Qe2 Qe7 6. e5 Nh7 7. Nc3 c6 8. Ne4 Kd8 9. Nd6 Kc7 10. Nxf7 Rg8 11. Nxh6 Rh8 12. Nf5 Qe8 13. d4 g5 14. Bd2 a5 15. 0-0-0 b5 16. Bd3 Kb6 17. h4 g4 18. Ng5 Nxg5 19. hxg5 Rxh1 20. Rxh1 d6 21. Nxd6 Bxd6 22. exd6 Qf7 23. Qe7 Ra7 24. Qxf7 Rxf7 25. Rh8 f3 26. gxf3 g3 27. Rh1 Rxf3 28. Rg1 Bh3 29. Be2 Rf2 30. Rxg3 Be6 31. d5 Rxe2 32. dxe6 Rxe6 33. g6 Re8 34. g7 Rg8 35. Bh6 Nd7 36. Rf3 1-0

[Event "Pardubice Czech op-B 23rd"]
[Site "Pardubice"]
[Date "2012.07.23"]
[Round "4"]
[White "Vanek, Ladislav"]
[Black "Solovjov, Sergey"]
[Result "1-0"]
[WhiteElo "2195"]
[BlackElo "2365"]
[PlyCount "90"]
[EventDate "2012.07.20"]
[EventType "swiss"]
[EventRounds "9"]
[EventCountry "CZE"]
[SourceTitle "EXT 2013"]
[Source "ChessBase"]
[SourceDate "2012.11.22"]
[SourceVersion "1"]
[SourceVersionDate "2012.11.22"]
[SourceQuality "1"]

1. d4 Nf6 2. c4 g6 3. Nc3 Bg7 4. e4 d6 5. f4 0-0 6. Be2 c5 7. d5 b5 8. cxb5 a6 9. b6 Qxb6 10. Nf3 Nbd7 11. Nd2 Qc7 12. Nc4 Nb6 13. Ne3 e6 14. a4 exd5 15. a5 d4 16. axb6 Qd8 17. Bf3 Bb7 18. Nc4 dxc3 19. Nxd6 Nxe4 20. Nxb7 Qxb6 21. Bxe4 cxb2 22. Bxb2 Bxb2 23. Ra4 Rfe8 24. Qd5 Bd4 25. Rxd4 cxd4 26. 0-0 Rab8 27. Nd6 Re7 28. Nc4 Qd8 29. Ne5 Qxd5 30. Bxd5 Rb2 31. Rd1 Kg7 32. Nxf7 Ree2 33. Ne5 d3 34. Nxd3 Rbd2 35. Rxd2 Rxd2 36. Be4 a5 37. Nc5 Kf6 38. Kf1 Rd4 39. Bf3 Rxf4 40. Ke2 Rc4 41. Ne4+ Ke5 42. Nd2 Rc3 43. Ne4 Rc7 44. Kd3 a4 45. Bd1 Rd7+ 1-0

[Event "Pardubice Czech op-B 23rd"]
[Site "Pardubice"]
[Date "2012.07.21"]
[Round "2"]
[White "Galan Fernandez, Felix"]
[Black "Solovjov, Sergey"]
[Result "0-1"]
[WhiteElo "2064"]
[BlackElo "2365"]
[PlyCount "74"]
[EventDate "2012.07.20"]
[EventType "swiss"]
[EventRounds "9"]
[EventCountry "CZE"]
[SourceTitle "EXT 2013"]
[Source "ChessBase"]
[SourceDate "2012.11.22"]
[SourceVersion "1"]
[SourceVersionDate "2012.11.22"]
[SourceQuality "1"]

1. e4 c5 2. c3 d6 3. d4 Nf6 4. Bd3 g6 5. e5 dxe5 6. dxe5 c4 7. Bc2 Qxd1+ 8. Bxd1 Ng4 9. f4 Na6 10. Be2 b5 11. h3 Nh6 12. Bf3 Rb8 13. Be3 Nf5 14. Bxa7 Ng3 15. Rh2 Bh6 16. Be3 Nf5 17. Kf2 Nxe3 18. Kxe3 g5 19. g3 gxf4+ 20. gxf4 Nc5 21. Ne2 Nd3 22. Nd2 Nxe5 23. Be4 f5 24. Bc2 Ng6 25. Re1 e5 26. Rf2 Kf7 27. Kf3 Rg8 28. Kg2 Nxf4+ 29. Kf1 Nd3 30. Bxd3 cxd3 31. Nc1 Bxd2 32. Rxd2 e4 33. Nb3 Rb6 34. Rg2 Rxg2 35. Kxg2 f4 36. Rxe4 Bb7 37. Kf3 Re6 0-1

[Event "Chigorin Memorial 19th"]
[Site "St Petersburg"]
[Date "2011.10.16"]
[Round "3"]
[White "Maletin, Pavel"]
[Black "Solovjov, Sergey"]
[Result "1-0"]
[WhiteElo "2579"]
[BlackElo "2398"]
[PlyCount "59"]
[EventDate "2011.10.14"]
[EventType "swiss"]
[EventRounds "9"]
[EventCountry "RUS"]
[SourceTitle "CBM 144 Extra"]
[Source "ChessBase"]
[SourceDate "2011.10.28"]
[SourceVersion "1"]
[SourceVersionDate "2011.10.28"]
[SourceQuality "1"]

1. c4 Nf6 2. Nf3 g6 3. d4 Bg7 4. g3 0-0 5. Bg2 d6 6. Nc3 Nbd7 7. 0-0 e5 8. e4 c6 9. h3 Qa5 10. Re1 exd4 11. Nxd4 Ne5 12. Bf1 Re8 13. Rb1 a6 14. b4 Qc7 15. f4 Ned7 16. Bg2 c5 17. bxc5 Qxc5 18. Be3 Qxc4 19. Rc1 Qb4 20. Nb3 a5 21. a3 Qxa3 22. Nb5 Qb4 23. Nxd6 a4 24. Nxe8 Nxe8 25. Nc5 Nxc5 26. Bxc5 Qb2 27. e5 Be6 28. Qf3 a3 29. Rb1 Qa2 30. Ra1 1-0

[Event "St Petersburg Botvinnik 100 op"]
[Site "St Petersburg"]
[Date "2011.08.15"]
[Round "4"]
[White "Solovjov, Sergey"]
[Black "Solovyov, Viktor"]
[Result "1-0"]
[WhiteElo "2387"]
[BlackElo "2264"]
[PlyCount "51"]
[EventDate "2011.08.12"]
[EventType "swiss"]
[EventRounds "9"]
[EventCountry "RUS"]
[SourceTitle "CBM 143 Extra"]
[Source "ChessBase"]
[SourceDate "2011.08.29"]
[SourceVersion "1"]
[SourceVersionDate "2011.08.29"]
[SourceQuality "1"]

1. e4 e5 2. Nf3 Nc6 3. Bb5 Nf6 4. d3 d6 5. c3 Be7 6. Nbd2 0-0 7. Nf1 Nb8 8. Ng3 c6 9. Ba4 Nbd7 10. 0-0 Re8 11. d4 Qc7 12. Bb3 h6 13. Nh4 Nf8 14. Nhf5 Bxf5 15. Nxf5 Ne6 16. h4 Kf8 17. Qf3 d5 18. exd5 e4 19. Qe3 cxd5 20. f3 Bd6 21. fxe4 dxe4 22. Nxg7 Bh2+ 23. Kh1 Ng4 24. Qh3 Nxg7 25. Qxg4 f5 26. Bxh6 1-0

[Event "St Petersburg Botvinnik 100 op"]
[Site "St Petersburg"]
[Date "2011.08.13"]
[Round "2"]
[White "Solovjov, Sergey"]
[Black "Usmanov, Vasily"]
[Result "1-0"]
[WhiteElo "2387"]
[BlackElo "2260"]
[PlyCount "65"]
[EventDate "2011.08.12"]
[EventType "swiss"]
[EventRounds "9"]
[EventCountry "RUS"]
[SourceTitle "CBM 143 Extra"]
[Source "ChessBase"]
[SourceDate "2011.08.29"]
[SourceVersion "1"]
[SourceVersionDate "2011.08.29"]
[SourceQuality "1"]

1. e4 c5 2. Nf3 d6 3. d4 cxd4 4. Nxd4 Nf6 5. Nc3 Nc6 6. Bg5 Bd7 7. Qd2 Rc8 8. f4 Nxd4 9. Qxd4 Qa5 10. e5 dxe5 11. fxe5 e6 12. 0-0-0 Bc6 13. Nb5 Bxb5 14. exf6 Bc6 15. h4 g6 16. Bc4 Bc5 17. Qe5 Bb4 18. Qe2 0-0 19. Bh6 Rfe8 20. h5 Rcd8 21. hxg6 Rxd1+ 22. Kxd1 Qd8+ 23. Bd3 fxg6 24. f7+ Kxf7 25. Qe5 Re7 26. Rf1+ Kg8 27. Qf6 Rd7 28. Qxe6+ Kh8 29. Qe5+ Kg8 30. Kc1 Bd5 31. Bb5 Bc6 32. Bc4+ Bd5 33. Bxd5+ 1-0

[Event "St Petersburg-ch 84th"]
[Site "St Petersburg"]
[Date "2011.05.31"]
[Round "11"]
[White "Fedoseev, Vladimir1111"]
[Black "Solovjov, Sergey"]
[Result "1-0"]
[WhiteElo "2506"]
[BlackElo "2394"]
[PlyCount "43"]
[EventDate "2011.05.21"]
[EventType "tourn"]
[EventRounds "11"]
[EventCountry "RUS"]
[EventCategory "9"]
[SourceTitle "CBM 142 Extra"]
[Source "ChessBase"]
[SourceDate "2011.06.27"]
[SourceVersion "1"]
[SourceVersionDate "2011.06.27"]
[SourceQuality "1"]

1. e4 c5 2. Nc3 g6 3. f4 Bg7 4. Nf3 d6 5. Bc4 Nf6 6. e5 dxe5 7. fxe5 Ng4 8. e6 fxe6 9. Ne4 0-0 10. Qe2 Nc6 11. Nxc5 Nb4 12. d4 Qd6 13. c3 Nd5 14. Ng5 e5 15. h3 Nf2 16. 0-0 exd4 17. Nge6 d3 18. Qe1 b6 19. Nxf8 Nxh3+ 20. gxh3 bxc5 21. Bg5 Kh8 22. Qh4 1-0

[Event "St Petersburg-ch 84th"]
[Site "St Petersburg"]
[Date "2011.05.29"]
[Round "9"]
[White "Goganov, Aleksey"]
[Black "Solovjov, Sergey"]
[Result "1-0"]
[WhiteElo "2480"]
[BlackElo "2394"]
[PlyCount "71"]
[EventDate "2011.05.21"]
[EventType "tourn"]
[EventRounds "11"]
[EventCountry "RUS"]
[EventCategory "9"]
[SourceTitle "CBM 142 Extra"]
[Source "ChessBase"]
[SourceDate "2011.06.27"]
[SourceVersion "1"]
[SourceVersionDate "2011.06.27"]
[SourceQuality "1"]

1. d4 d5 2. c4 e6 3. Nf3 Nf6 4. g3 c6 5. Bg2 Nbd7 6. Qc2 Be7 7. 0-0 0-0 8. Nbd2 b6 9. e4 Bb7 10. e5 Ne8 11. cxd5 cxd5 12. Re1 Rc8 13. Qa4 a5 14. Nf1 Bc6 15. Qd1 b5 16. h4 b4 17. Bg5 Nb6 18. Rc1 Bd7 19. Rxc8 Nxc8 20. Ne3 f6 21. exf6 gxf6 22. Bh6 Rf7 23. Bh3 Ncd6 24. Ng2 Ne4 25. Nf4 Nc7 26. Nd2 e5 27. Bxd7 Qxd7 28. Nxd5 Qxd5 29. Rxe4 f5 30. Rxe5 Qxd4 31. Qe2 Bd6 32. Nf3 Qg4 33. Re8+ Nxe8 34. Qxe8+ Bf8 35. Qxf7+ Kxf7 36. Ne5+ 1-0

[Event "St Petersburg-ch 84th"]
[Site "St Petersburg"]
[Date "2011.05.25"]
[Round "5"]
[White "Solovjov, Sergey"]
[Black "Yevseev, Denis"]
[Result "1/2-1/2"]
[WhiteElo "2394"]
[BlackElo "2527"]
[PlyCount "117"]
[EventDate "2011.05.21"]
[EventType "tourn"]
[EventRounds "11"]
[EventCountry "RUS"]
[EventCategory "9"]
[SourceTitle "CBM 142 Extra"]
[Source "ChessBase"]
[SourceDate "2011.06.27"]
[SourceVersion "1"]
[SourceVersionDate "2011.06.27"]
[SourceQuality "1"]

1. e4 e6 2. d4 d5 3. Nc3 Bb4 4. e5 c5 5. a3 Bxc3+ 6. bxc3 Ne7 7. Qg4 Kf8 8. Bd3 Qa5 9. Bd2 Qa4 10. c4 dxc4 11. dxc5 Nd7 12. Nf3 Nxc5 13. Qxc4 Qxc4 14. Bxc4 b6 15. a4 Bb7 16. a5 Ng6 17. Bc3 Ke7 18. 0-0 Rhc8 19. Rfb1 Nf4 20. Bf1 Ba6 21. Bd2 Bxf1 22. Kxf1 Ng6 23. axb6 axb6 24. Rxa8 Rxa8 25. Rxb6 Nd7 26. Rb7 Ke8 27. Bb4 Nf4 28. g3 Ra1+ 29. Ne1 Nd5 30. Bd6 N5b6 31. Rc7 Kd8 32. c4 Rc1 33. c5 Nd5 34. Ra7 Nxc5 35. Bxc5 Rxc5 36. Rxf7 Rc7 37. Rxc7 Nxc7 38. Ke2 Ke7 39. Ke3 Kf7 40. h4 Kg6 41. Ke4 Kh5 42. Ng2 g5 43. hxg5 Kxg5 44. Ne3 h5 45. f4+ Kg6 46. Ng2 Nb5 47. Nh4+ Kf7 48. Nf3 Nc3+ 49. Kd3 Nd5 50. Kd4 Ne7 51. Ng5+ Kg6 52. Nxe6 Nf5+ 53. Kd5 Nxg3 54. Nf8+ Kf5 55. e6 h4 56. e7 Nh5 57. Nh7 Ng7 58. Ng5 Kf6 59. Ke4 1/2-1/2

[Event "St Petersburg Spring op"]
[Site "St Petersburg"]
[Date "2011.03.31"]
[Round "9"]
[White "Solovjov, Sergey"]
[Black "Vunder, Andrei"]
[Result "1/2-1/2"]
[WhiteElo "2396"]
[BlackElo "2306"]
[PlyCount "60"]
[EventDate "2011.03.23"]
[EventType "swiss"]
[EventRounds "9"]
[EventCountry "RUS"]
[SourceTitle "CBM 141 Extra"]
[Source "ChessBase"]
[SourceDate "2011.05.03"]
[SourceVersion "1"]
[SourceVersionDate "2011.05.03"]
[SourceQuality "1"]

1. e4 c6 2. d4 d5 3. f3 dxe4 4. fxe4 e5 5. Nf3 Bg4 6. Bc4 Nd7 7. 0-0 Ngf6 8. c3 Bd6 9. Be3 0-0 10. Nbd2 Qc7 11. Qe1 Bh5 12. Qh4 Bg6 13. Rae1 Rae8 14. Bg5 b5 15. Bb3 Nh5 16. Kh1 h6 17. Be3 Kh7 18. g4 Be7 19. Qh3 Nf4 20. Bxf4 exf4 21. e5 Nb6 22. Nh4 Bxh4 23. Qxh4 Bd3 24. Rf3 g5 25. Qf2 Bg6 26. h4 Kg7 27. Ne4 Bxe4 28. Rxe4 Nd5 29. Re1 Qd7 30. Bc2 Qxg4 1/2-1/2